Loading...
| Science - Other | 0 | 6 | 0 | 1 | 60 | 54 | 98.67 | 0 | 1 | 9.38 | 21.98 |
| Science - Physics | 0 | 5 | 0 | 1 | 50 | 94 | 116.40 | 0 | 0 | 3.20 | 9.82 |
| Philosophy | 0 | 4 | 0 | 0 | 40 | 83 | 102.50 | 0 | 0 | 5.13 | 17.30 |
| Fine Arts - Classical Music | 0 | 2 | 0 | 0 | 20 | 103 | 106.50 | 0 | 0 | 2.71 | 6.86 |
| History - Other | 0 | 1 | 0 | 0 | 10 | 133 | 133.00 | 0 | 0 | 0.00 | 0.27 |
| Mythology | 0 | 1 | 0 | 0 | 10 | 140 | 140.00 | 0 | 0 | 0.00 | 0.58 |
| Literature - American | 0 | 1 | 0 | 0 | 10 | 136 | 136.00 | 0 | 0 | 0.40 | 1.47 |
| Fine Arts - Other | 0 | 1 | 0 | 0 | 10 | 139 | 139.00 | 0 | 0 | 0.04 | 3.19 |
| Science - Biology | 0 | 1 | 0 | 1 | 10 | 124 | 124.00 | 0 | 0 | 0.00 | 3.68 |
| Science - Chemistry | 0 | 1 | 0 | 0 | 10 | 118 | 118.00 | 0 | 0 | 0.62 | 2.06 |
| Literature - British | 0 | 1 | 1 | 0 | 5 | 66 | 66.00 | 0 | 0 | 3.13 | 4.55 |
| Social Science | 0 | 0 | 0 | 0 | 0 | 0.00 | 0 | 0 | 0.00 | 0.00 | |
| Religion | 0 | 0 | 1 | 0 | -5 | 0.00 | 0 | 0 | 0.00 | 0.00 |